| 000 | 01202nam a2200301 a 4500 | ||
|---|---|---|---|
| 001 | 000023985 | ||
| 005 | 20260202091015.0 | ||
| 008 | 110118s1974 dr 001 0 spa d | ||
| 040 |
_aDO-SdBNP _bspa _cBNPHU |
||
| 082 |
_a301 _bC352s |
||
| 100 | 1 |
_aCastillo Morales, Luis R. del, _d1923- _91152 |
|
| 245 | 1 | 0 |
_aSociología : _bestudio de la sociedad y de las relaciones humanas / _cLuis R. del Castillo Morales. |
| 260 |
_aSanto Domingo : _bCultural Dominicana, _c1974. |
||
| 300 |
_av. ; _c22 cm. |
||
| 490 | 1 |
_aPublicaciones de la Universidad Autónoma de Santo Domingo _v166 |
|
| 490 | 1 |
_aHistoria y sociedad _v12 |
|
| 500 | _aIncluye datos biográficos del autor en la contracubierta. | ||
| 504 | _aIncluye bibliografía y notas al pie de páginas y al final de capítulos. | ||
| 504 | _aBibliografía: p.363-385. | ||
| 590 | _aInventariado, 2018/VM | ||
| 650 | 0 |
_aSociología _91061 |
|
| 650 | 0 |
_aCiencias sociales _91065 |
|
| 650 | 0 |
_aRelaciones humanas _9606 |
|
| 650 | 4 |
_aComunicación interpersonal _921034 |
|
| 830 | 0 |
_aPublicaciones de la Universidad Autónoma de Santo Domingo _n166 _949320 |
|
| 830 | 0 |
_aHistoria y sociedad _n12 _949321 |
|
| 910 | _aValidado. Control de calidad EMS | ||
| 999 |
_c23480 _d23480 |
||